LEADER 01052nam a2200289 a 4500 001 000000143920 003 CaOOAMICUS 005 20150609104914.0 008 150609s2015 it u000 u ita r 020 $a978-88-10-56701-2 040 $aPUL$bita 082 04$a234 100 1 $aRavasi, Gianfranco,$ccard.,$d1942-$0(OLS)http://pul/name/17144 245 10$aGrammatica del perdono /$cGianfranco Ravasi. 260 $aBologna :$bEDB,$c©2015. 300 $a37 p. ;$c17 cm 490 1 $aLampi 650 4$aPerdono.$0(OLS)http://pul/subject/20240 830 0$aLampi.$0(OLS)http://pul/title/182074 850 $aPUL 852 $aPUL$W1$xSL Religione 3$y85$m234 RAVGI 1$j165993$qDDC 21$B166420$CPULBib$Z2$F166420 $H126072 $82 941 1 $a9 996 $6020$a978-88-10-56701-2$9(OLS)http://pul/number/157801 996 $6082$a234$9(OLS)http://pul/classification/573 996 $6245$aGrammatica del perdono$9(OLS)http://pul/title/182073 996 $6260$aBologna :$bEDB$9(OLS)http://pul/publisher/56073 LEADER 01158nam a2200265 u 4500 001 000000071736 003 CaOOAMICUS 005 20070226122150.0 008 020604s1981 it u000 u ita u 035 $a10931892 040 $aPUL(R)$bita 100 1 $aPovilus, Judith M.$0(OLS)http://pul/name/1702 245 11$a"Gesù in mezzo" nel pensiero di Chiara Lubich :$bgenesi, contenuti e attualità di un tema della sua spiritualità /$cJudith M. Povilus. 250 $a2. ed. 260 $aRoma :$bCittà Nuova,$cc1981. 300 $a287 p. ;$c24 cm 504 $aBibliografia: p. 265-276. 600 14$aLubich, Chiara,$d1920-2008.$0(OLS)http://pul/subject/1557 650 4$aSpiritualità.$0(OLS)http://pul/subject/843 850 $aPUL 852 $aPUL$W1$xDP1 Religione 1$y20$m557 M 27$j92801$nBK-PRI$b $qStampati$B92801$CPULBib$Z2$F92801 $H $81 941 1 $a8 961 $aINV: 73876 996 $6245$a"Gesù in mezzo" nel pensiero di Chiara Lubich :$bgenesi, contenuti e attualità di un tema della sua spiritualità$9(OLS)http://pul/title/2307 996 $6260$aRoma :$bCittà Nuova$9(OLS)http://pul/publisher/47927 LEADER 01377nam a2200301 a 4500 001 000000157943 003 CaOOAMICUS 005 20170119112453.0 008 170119s1996 it u000 u eng r 032 $aLibriCat 040 $aPUL$bita 082 04$a241 100 1 $aOwens, Joseph,$d1908-$0(OLS)http://pul/name/44458 245 10$aSome philosophical issues in moral matters :$bthe collected ethical writings of Joseph Owens /$cedited by Dennis J. Billy, Terence Kennedy. 260 $aRoma :$bEditiones Academiae Alfonsianae,$c1996. 300 $a500 p. ;$c24 cm. 490 1 $aQuaestiones morales ;$v08 650 4$aFilosofia morale.$0(OLS)http://pul/subject/560 700 1 $aKennedy, Terence.$0(OLS)http://pul/name/16936 700 1 $aBilly, Dennis J.$0(OLS)http://pul/name/99296 830 0$aQuaestiones morales / Accademia Alfonsiana ;$v08.$0(OLS)http://pul/title/27298 850 $aPUL 852 $aPUL$W1$xSL Religione 3$y85$m241 COLL 2.8$j181275$qDDC 21$B184409$CPULBib$Z2$F184409 $H128635 $81 941 1 $a9 996 $6082$a241$9(OLS)http://pul/classification/246 996 $6245$aSome philosophical issues in moral matters :$bthe collected ethical writings of Joseph Owens$9(OLS)http://pul/title/197532 996 $6260$aRoma :$bEditiones Academiae Alfonsianae$9(OLS)http://pul/publisher/82247 LEADER 01049nam a2200241 u 4500 001 000000024207 003 CaOOAMICUS 005 20070226111327.0 008 950608s1981 gw u000 u ger u 035 $a10612566 040 $aEFR$bita$dPUL(R) 100 1 $aUllmann, Walter,$d1910-1983.$0(OLS)http://pul/name/57 245 10$aGelasius I. (492-496) :$bdas Papsttum an der Wende der Spätantike zum Mittelalter /$cvon Walter Ullmann. 260 $aStuttgart :$bA. Hiersemann,$cc1981. 300 $axii, 317 p. ;$c25 cm 490 1 $aPäpste und Papsttum ;$vBd. 18 830 0$aPäpste und Papsttum ;$vBd. 18.$0(OLS)http://pul/title/2769 850 $aPUL 852 $aPUL$W1$xSL Filosofia 1$y2$m110(1) A 18$j33902$nBK-PRI$b $qStampati$B33902$CPULBib$Z2$F33902 $H $81 941 1 $a8 961 $aINV: 49164 996 $6245$aGelasius I. (492-496) :$bdas Papsttum an der Wende der Spätantike zum Mittelalter$9(OLS)http://pul/title/33550 996 $6260$aStuttgart :$bA. Hiersemann$9(OLS)http://pul/publisher/49006